Pays sans B,C,D,G,M,P - Statistiques

Statistiques générales
  • Ce quiz a été pris 137 fois
    84 depuis la dernière actualisation
  • Le résultat moyen est 22 sur 38
Statistiques - réponses
Continent Pays % Correct
États-Unis
83%
Russie
81%
Europe Estonie
73%
Lituanie
73%
Océanie Australie
72%
Lettonie
72%
Tunisie
70%
Italie
69%
Kosovo
67%
Asie Irak
66%
Iran
66%
Qatar
64%
Ukraine
63%
Suisse
61%
Haiti
59%
Laos
59%
Lesotho
59%
Venezuela
59%
Amérique Équateur
58%
Koweit
58%
Turquie
58%
Turquie
58%
Nauru
56%
Kenya
55%
Syrie
55%
Israel
53%
Taiwan
53%
Vanuatu
53%
Afrique Erythrée
52%
Slovaquie
52%
Kazakhstan
50%
Slovenie
50%
Tuvalu
48%
Eswatini
45%
Tanzanie
44%
Sierra Leone
41%
Sri Lanka
39%
Niue
13%
Aucun quiz correspondant
Distribution des résultats
% des personnes avec chaque résultat
Percentile par nombre de réponses
Votre historique - résultats
Vous n’avez pas pris ce quiz depuis la dernière actualisation